000
00373cam a22001574a 4500
005
20250605164343.0
008
250528s ||||||||||||||||||||||||d
035
_a
23689
040
_a
GR-AtMCL
_b
gre
_d
GR-AtMCL
_e
AACR2
245
1
_a
Introduction to Marketing
260
_c
2008
700
1
_a
Lamamra Zoulika
_9
9264
942
_c
DS
999
_c
8666
_d
8666